| 000 | 00412nam a2200157Ia 4500 | ||
|---|---|---|---|
| 008 | 210210b2002 xxu||||| |||| 00| 0 eng d | ||
| 020 | _a81 222 0311 6 | ||
| 082 | _a820.301 ANAP | ||
| 100 | _aANAND (Mulk Raj). | ||
| 245 | _aPair of mustachios and other stories. | ||
| 260 |
_aND _bOrient Paperbacks _c2002 |
||
| 300 | _a110 | ||
| 650 | _aShort stories | ||
| 690 | _aIndian English Fiction | ||
| 906 | _a059444 | ||
| 999 |
_c106562 _d106562 |
||